[Event "Donetzk zt"]
[Site "Donetsk"]
[Date "1998.11.11"]
[Round "9"]
[White "Berezin, Oleg"]
[Black "Brodsky, Michail"]
[Result "1/2-1/2"]
[WhiteElo "2455"]
[BlackElo "2525"]
[EventDate "1998.11.02"]
[PlyCount "30"]

1.d4 Nf6 2.c4 e6 3.g3 d5 4.Nf3 dxc4 5.Bg2 a6 6.O-O Nc6 7.Nc3 Rb8 8.e4 Be7 
9.d5 Nb4 10.Ne5 exd5 11.exd5 Bf5 12.a3 Nd3 13.Nxc4 Nxc1 14.Rxc1 O-O 15.b4 
Re8 1/2-1/2

[Event "Donetzk zt"]
[Site "Donetsk"]
[Date "1998.11.11"]
[Round "9"]
[White "Golubev, Mikhail"]
[Black "Kuzmin, Gennadi P"]
[Result "1/2-1/2"]
[WhiteElo "2515"]
[BlackElo "2560"]
[EventDate "1998.11.02"]
[PlyCount "48"]

1.e4 e5 2.Nf3 d6 3.d4 exd4 4.Qxd4 a6 5.Bg5 Nc6 6.Qc3 Nf6 7.Nbd2 Be7 8.
O-O-O O-O 9.Bc4 h6 10.Bf4 d5 11.exd5 Nxd5 12.Bxd5 Qxd5 13.Nb3 Qe4 14.Bxc7 
Bf5 15.Nbd4 Bb4 16.Qe3 Rfe8 17.Nxf5 Qxf5 18.Qd3 Qf6 19.Bb6 Rac8 20.Kb1 Bf8
21.a3 Nb4 22.Qd4 Qg6 23.axb4 Qxc2+ 24.Ka1 Qa4+ 1/2-1/2

[Event "Donetzk zt"]
[Site "Donetsk"]
[Date "1998.11.11"]
[Round "9"]
[White "Malaniuk, Vladimir P"]
[Black "Lerner, Konstantin Z"]
[Result "1/2-1/2"]
[WhiteElo "2590"]
[BlackElo "2580"]
[EventDate "1998.11.02"]
[PlyCount "122"]

1.d4 Nf6 2.Nf3 e6 3.c4 b6 4.Nc3 Bb4 5.Qb3 c5 6.Bg5 Bb7 7.e3 O-O 8.a3 Bxc3+
9.Qxc3 d6 10.dxc5 bxc5 11.Rd1 Qe7 12.Bd3 Nbd7 13.O-O Rfd8 14.Qc2 h6 15.Bh4
Rab8 16.Nd2 Ne5 17.Be2 Ng6 18.Bg3 Bc6 19.b3 Qb7 20.f3 Nh5 21.Bf2 Nf6 22.
Rb1 a5 23.Rfd1 Qe7 24.Nf1 Rb6 25.Be1 Ra8 26.Bc3 Ne8 27.Ng3 Nf8 28.Rb2 Nh7 
29.Qd2 Rba6 30.Bf1 Nhf6 31.Bd3 Nd7 32.Rdb1 R6a7 33.Bf1 Ra6 34.Qf2 R6a7 35.
Nh5 Ndf6 36.Ng3 Rb7 37.Qd2 Qc7 38.Rd1 Nd7 39.Nh5 Qd8 40.Kh1 Qg5 41.Ng3 
Rba7 42.Bd3 Ra6 43.Qe1 Qe7 44.Rbd2 Bb7 45.Bc2 Nf8 46.Nh5 Qg5 47.Nf4 Qe7 
48.Nd3 Nd7 49.Nf2 Nef6 50.Nh3 Ne8 51.Bd3 Rb6 52.Rb2 Rba6 53.Nf4 Bc6 54.Bf1
Nf8 55.Qd2 Qg5 56.Rbb1 Ng6 57.Nh3 Qe7 58.Bd3 Nf8 59.Qc2 Rb8 60.Nf4 Rba8 
61.Bf1 Rb6 1/2-1/2

[Event "Donetzk zt"]
[Site "Donetsk"]
[Date "1998.11.11"]
[Round "9"]
[White "Milov, Leonid"]
[Black "Kopylov, Michael"]
[Result "1-0"]
[WhiteElo "2490"]
[BlackElo "2385"]
[EventDate "1998.11.02"]
[PlyCount "53"]

1.e4 Nf6 2.e5 Nd5 3.d4 d6 4.Nf3 Bg4 5.Be2 e6 6.c4 Nb6 7.Nc3 Nc6 8.exd6 
cxd6 9.d5 exd5 10.cxd5 Bxf3 11.gxf3 Ne5 12.Bb5+ Ned7 13.Qd4 a6 14.Be2 Rc8 
15.Rg1 Be7 16.Ne4 Ne5 17.Kf1 Rc2 18.f4 Ng6 19.Bd3 Qc8 20.Bxc2 Qxc2 21.Be3 
Qc4+ 22.Qxc4 Nxc4 23.Rc1 Nxe3+ 24.fxe3 f5 25.Ng5 Bxg5 26.Rxg5 O-O 27.Rc7 
1-0

[Event "Donetzk zt"]
[Site "Donetsk"]
[Date "1998.11.11"]
[Round "9"]
[White "Miroshnichenko, Evgenij"]
[Black "Baklan, Vladimir"]
[Result "1/2-1/2"]
[WhiteElo "2440"]
[BlackElo "2585"]
[EventDate "1998.11.02"]
[PlyCount "50"]

1.e4 c5 2.Nf3 e6 3.d3 Nc6 4.g3 g6 5.Bg2 Bg7 6.O-O Nge7 7.c3 d5 8.Nbd2 b6 
9.Re1 Bb7 10.h4 Qc7 11.Qe2 h6 12.a3 a5 13.exd5 exd5 14.d4 O-O 15.Nb3 Ba6 
16.Qd1 a4 17.Bf4 Qd8 18.Nc1 cxd4 19.cxd4 Nf5 20.Be5 Re8 21.Nd3 Nfxd4 22.
Bxg7 Kxg7 23.Nxd4 Nxd4 24.Nf4 Nb3 25.Bxd5 Nxa1 1/2-1/2

[Event "Donetzk zt"]
[Site "Donetsk"]
[Date "1998.11.11"]
[Round "9"]
[White "Moroz, Alexander"]
[Black "Ovsejevitsch, Sergei"]
[Result "1/2-1/2"]
[WhiteElo "2490"]
[BlackElo "2500"]
[EventDate "1998.11.02"]
[PlyCount "99"]

1.e4 c5 2.Nf3 d6 3.d4 cxd4 4.Nxd4 Nf6 5.Nc3 g6 6.Be3 Bg7 7.f3 O-O 8.Qd2 
Nc6 9.O-O-O d5 10.exd5 Nxd5 11.Nxc6 bxc6 12.Bd4 e5 13.Bc5 Be6 14.Ne4 Re8 
15.Bc4 Qc7 16.g4 Rad8 17.Qe1 Nf4 18.Bd6 Qb6 19.Bxe6 Nxe6 20.Rd3 c5 21.Qc3 
f5 22.gxf5 gxf5 23.Bxc5 Qa6 24.Rxd8 Rxd8 25.Nd2 Rc8 26.b4 Qxa2 27.Rg1 Nd4 
28.Qd3 Kh8 29.f4 Qa1+ 30.Nb1 e4 31.Qc4 Nf3 32.Rxg7 Qxg7 33.Qe6 Rxc5 34.
bxc5 Qg1+ 35.Kb2 Qxc5 36.Qe8+ Kg7 37.Qd7+ Kh6 38.c3 e3 39.Na3 Qb6+ 40.Ka2 
e2 41.Nc2 e1=Q 42.Nxe1 Nxe1 43.Qxf5 Qf2+ 44.Kb3 Nf3 45.Qf6+ Kh5 46.Qf5+ 
Kh4 47.Qxh7+ Kg4 48.Qd7+ Kxf4 49.Qf7+ Ke4 50.Qh7+ 1/2-1/2

[Event "Donetzk zt"]
[Site "Donetsk"]
[Date "1998.11.11"]
[Round "9"]
[White "Nechaev, Andrei"]
[Black "Moskalenko, Viktor"]
[Result "1-0"]
[WhiteElo "2330"]
[BlackElo "2500"]
[EventDate "1998.11.02"]
[PlyCount "184"]

1.d4 Nf6 2.c4 c5 3.d5 g6 4.Nc3 d6 5.e4 Bg7 6.Bd3 O-O 7.h3 e6 8.Nf3 exd5 9.
exd5 Re8+ 10.Be3 a6 11.O-O Nbd7 12.Re1 Nh5 13.g4 Rxe3 14.Rxe3 Nf4 15.Bf1 
Ne5 16.Ne2 Nxc4 17.Nxf4 Nxe3 18.fxe3 Bxb2 19.Rb1 Bg7 20.a4 Qe7 21.Kf2 h5 
22.Qb3 hxg4 23.hxg4 b5 24.axb5 axb5 25.Bxb5 Rb8 26.Qa4 Bd7 27.Qc4 Qd8 28.
Rb3 Bxg4 29.Ba4 Rxb3 30.Bxb3 Qf6 31.Bd1 g5 32.Ng2 Bd7 33.Ba4 Bf5 34.Kg1 
Bh6 35.Nfe1 Qe5 36.Bd1 Bg6 37.Bf3 f5 38.Nd3 Qe7 39.Kf2 Kh7 40.Be2 Bg7 41.
Bf3 Bf6 42.Bd1 Kg7 43.Qb3 Bf7 44.Bf3 Qa7 45.Nge1 Qa5 46.Qc2 Qa1 47.Qb3 f4 
48.Nc2 fxe3+ 49.Kg2 Qc3 50.Qxc3 Bxc3 51.Nxe3 Kf6 52.Nc4 Ke7 53.Nf2 Bd4 54.
Kg3 Be8 55.Ng4 Bg6 56.Nge3 Bd3 57.Bg4 Kf6 58.Kf3 Bxc4 59.Nxc4 Be5 60.Ke4 
Bf4 61.Bh3 Bg3 62.Bg4 Bf4 63.Nb6 Bc1 64.Bf5 Bf4 65.Nc4 Bh2 66.Ne3 Bf4 67.
Nc4 Ke7 68.Bg4 Kf6 69.Kd3 Ke7 70.Nb6 Bg3 71.Kc4 Kd8 72.Kb5 Kc7 73.Ka6 Bf4 
74.Nc4 Bc1 75.Be6 Bf4 76.Na3 Be5 77.Nb5+ Kd8 78.Kb6 c4 79.Na3 c3 80.Kb5 
Ke7 81.Kc4 Kf6 82.Kd3 Bh2 83.Nc4 Ke7 84.Kxc3 Kd8 85.Kd4 Bf4 86.Ke4 Kc7 87.
Kf5 Bc1 88.Na5 Kd8 89.Nc6+ Kc7 90.Nd4 Bf4 91.Nf3 Bc1 92.Nxg5 Ba3 1-0

[Event "Donetzk zt"]
[Site "Donetsk"]
[Date "1998.11.11"]
[Round "9"]
[White "Neverov, Valeriy"]
[Black "Malakhatko, Vadim"]
[Result "1-0"]
[WhiteElo "2515"]
[BlackElo "2435"]
[EventDate "1998.11.02"]
[PlyCount "51"]

1.d4 Nf6 2.Nf3 c5 3.d5 b5 4.Bg5 d6 5.e4 Qa5+ 6.Qd2 Qb6 7.a4 bxa4 8.Nc3 g6 
9.e5 dxe5 10.Nxe5 Bg7 11.Bb5+ Nfd7 12.Nc4 Qb7 13.O-O O-O 14.Bxe7 Bxc3 15.
bxc3 Qxb5 16.Nd6 Qa5 17.Rfe1 Ba6 18.Re4 a3 19.Rh4 h5 20.Rxh5 gxh5 21.Qg5+ 
Kh7 22.Qxh5+ Kg8 23.Bxf8 Qxc3 24.Qxf7+ Kh8 25.Qh5+ Kg8 26.Qg6+ 1-0

[Event "Donetzk zt"]
[Site "Donetsk"]
[Date "1998.11.11"]
[Round "9"]
[White "Novikov, Igor A"]
[Black "Shneider, Aleksandr"]
[Result "1/2-1/2"]
[WhiteElo "2545"]
[BlackElo "2540"]
[EventDate "1998.11.02"]
[PlyCount "39"]

1.d4 Nf6 2.c4 e6 3.Nf3 b6 4.g3 Ba6 5.b3 Bb4+ 6.Bd2 Be7 7.Bg2 c6 8.Bc3 d5 
9.Nbd2 Nbd7 10.O-O O-O 11.Re1 c5 12.e4 dxe4 13.Nxe4 Bb7 14.Nfg5 Qc7 15.
Nxf6+ Bxf6 16.Bxb7 Qxb7 17.Ne4 Bxd4 18.Bxd4 cxd4 19.Qxd4 Rfd8 20.Rad1 
1/2-1/2

[Event "Donetzk zt"]
[Site "Donetsk"]
[Date "1998.11.12"]
[Round "10"]
[White "Baklan, Vladimir"]
[Black "Lerner, Konstantin Z"]
[Result "1/2-1/2"]
[WhiteElo "2585"]
[BlackElo "2580"]
[EventDate "1998.11.02"]
[PlyCount "35"]

1.e4 c5 2.Nf3 d6 3.d4 cxd4 4.Nxd4 Nf6 5.Nc3 Nc6 6.Bg5 e6 7.Qd2 a6 8.O-O-O 
h6 9.Bf4 Bd7 10.Nxc6 Bxc6 11.f3 d5 12.Qe1 Bb4 13.a3 Ba5 14.b4 Bb6 15.exd5 
Bxd5 16.Be5 O-O 17.Qh4 a5 18.Bxf6 1/2-1/2

[Event "Donetzk zt"]
[Site "Donetsk"]
[Date "1998.11.12"]
[Round "10"]
[White "Brodsky, Michail"]
[Black "Berelowitsch, Alexander"]
[Result "1-0"]
[WhiteElo "2525"]
[BlackElo "2495"]
[EventDate "1998.11.02"]
[PlyCount "79"]

1.Nf3 Nf6 2.g3 c5 3.Bg2 Nc6 4.d4 cxd4 5.Nxd4 e5 6.Nxc6 dxc6 7.Qxd8+ Kxd8 
8.Nd2 Bf5 9.e4 Be6 10.Nf3 Nxe4 11.Nxe5 Nd6 12.Bf4 f6 13.Nd3 Kc7 14.O-O-O 
g5 15.Bd2 Nc4 16.Bc3 Bg7 17.h4 g4 18.Nf4 Bf7 19.h5 Ne5 20.h6 Bf8 21.Be4 
Bc5 22.Nd3 Bd6 23.Rh4 Bg6 24.Nxe5 Bxe5 25.Bxe5+ fxe5 26.Rxg4 Bxe4 27.Rxe4 
Rae8 28.Rde1 Re6 29.Rxe5 Rxh6 30.Re7+ Kb6 31.Rf7 Rh2 32.Re3 Rd8 33.Rb3+ 
Ka6 34.c4 Rh1+ 35.Kc2 Rhd1 36.Rbxb7 R8d3 37.a3 R1d2+ 38.Kb1 Rxf2 39.Rxa7+ 
Kb6 40.c5+ 1-0

[Event "Donetzk zt"]
[Site "Donetsk"]
[Date "1998.11.12"]
[Round "10"]
[White "Kopylov, Michael"]
[Black "Moroz, Alexander"]
[Result "1/2-1/2"]
[WhiteElo "2385"]
[BlackElo "2490"]
[EventDate "1998.11.02"]
[PlyCount "21"]

1.d4 d5 2.c4 e6 3.Nf3 c6 4.Qc2 Bd6 5.g3 f5 6.Bg2 Nf6 7.O-O O-O 8.Nc3 Ne4 
9.Rb1 a5 10.a3 Bd7 11.b4 1/2-1/2

[Event "Donetzk zt"]
[Site "Donetsk"]
[Date "1998.11.12"]
[Round "10"]
[White "Malakhatko, Vadim"]
[Black "Milov, Leonid"]
[Result "1-0"]
[WhiteElo "2435"]
[BlackElo "2490"]
[EventDate "1998.11.02"]
[PlyCount "72"]

1.d4 d5 2.c4 c6 3.Nc3 dxc4 4.e4 b5 5.a4 b4 6.Na2 Nf6 7.e5 Nd5 8.Bxc4 e6 9.
Nf3 a5 10.Bg5 Qd7 11.Nc1 h6 12.Be3 Nb6 13.Bd3 Ba6 14.Qc2 Qd5 15.b3 Bxd3 
16.Nxd3 Qe4 17.O-O Qf5 18.Rae1 Nd5 19.Nh4 Qg4 20.g3 Be7 21.Ng2 Qf5 22.f3 
h5 23.Ngf4 O-O 24.Qg2 Qh7 25.Nxd5 cxd5 26.Nf4 Bg5 27.Nxd5 Bxe3+ 28.Nxe3 
Qd3 29.d5 exd5 30.f4 Rd8 31.e6 fxe6 32.f5 Ra6 33.Qh3 d4 34.Nc4 exf5 35.
Rxf5 Qc3 36.Ref1 d3 1-0

[Event "Donetzk zt"]
[Site "Donetsk"]
[Date "1998.11.12"]
[Round "10"]
[White "Nechaev, Andrei"]
[Black "Berezin, Oleg"]
[Result "1/2-1/2"]
[WhiteElo "2330"]
[BlackElo "2455"]
[EventDate "1998.11.02"]
[PlyCount "28"]

1.d4 d5 2.c4 c6 3.Nf3 Nf6 4.Nc3 e6 5.Bg5 h6 6.Bh4 dxc4 7.e4 g5 8.Bg3 b5 9.
Be2 b4 10.Na4 Nxe4 11.Bxc4 Nxg3 12.hxg3 Nd7 13.Qe2 Bg7 14.Rd1 Qa5 1/2-1/2

[Event "Donetzk zt"]
[Site "Donetsk"]
[Date "1998.11.12"]
[Round "10"]
[White "Shneider, Aleksandr"]
[Black "Komarov, Dimitri"]
[Result "1-0"]
[WhiteElo "2540"]
[BlackElo "2570"]
[EventDate "1998.11.02"]
[PlyCount "99"]

1.d4 Nf6 2.c4 e6 3.Nf3 b6 4.g3 Bb7 5.Bg2 Be7 6.O-O O-O 7.Nc3 Ne4 8.Qc2 
Nxc3 9.Qxc3 c5 10.Rd1 d6 11.Bf4 Qc8 12.dxc5 dxc5 13.Be5 f6 14.Bd6 Bxd6 15.
Rxd6 e5 16.Nh4 Bxg2 17.Kxg2 Nc6 18.Qf3 Nd4 19.Qd5+ Rf7 20.Rd1 Qb7 21.Qxb7 
Rxb7 22.e3 g5 23.Nf3 Nxf3 24.Kxf3 f5 25.R1d5 g4+ 26.Ke2 Re7 27.f3 Rf8 28.
Rd7 Rxd7 29.Rxd7 Rf7 30.Rd5 Re7 31.e4 h5 32.exf5 gxf3+ 33.Kxf3 e4+ 34.Ke3 
Kf7 35.Rd6 Re5 36.Re6 Rxf5 37.Rxe4 Kg6 38.Rf4 Re5+ 39.Re4 Rf5 40.Re7 Kg5 
41.Rg7+ Kf6 42.Rxa7 Re5+ 43.Kd3 Re6 44.a4 Rd6+ 45.Kc3 Re6 46.Ra6 Kf5 47.a5
Re3+ 48.Kd2 Re4 49.Kd3 bxa5 50.Rf6+ 1-0

[Event "Donetzk zt"]
[Site "Donetsk"]
[Date "1998.11.12"]
[Round "10"]
[White "Sulypa, Alexandre"]
[Black "Neverov, Valeriy"]
[Result "0-1"]
[WhiteElo "2415"]
[BlackElo "2515"]
[EventDate "1998.11.02"]
[PlyCount "130"]

1.e4 c5 2.Nf3 d6 3.d4 cxd4 4.Nxd4 Nf6 5.Nc3 a6 6.Be3 e5 7.Nb3 Be6 8.f3 
Nbd7 9.Qd2 b5 10.a4 b4 11.Nd5 Bxd5 12.exd5 Nb6 13.Bxb6 Qxb6 14.a5 Qb7 15.
Bc4 Be7 16.Ra4 Rb8 17.Nc1 Bd8 18.b3 O-O 19.Kd1 Qa7 20.Nd3 Rb5 21.Nxb4 Rxa5
22.Nc6 Rxa4 23.Nxa7 Ra1+ 24.Qc1 Rxc1+ 25.Kxc1 Bb6 26.Nc6 Ra8 27.Kb2 Ne8 
28.Ra1 Nc7 29.b4 Kf8 30.Bb3 Nb5 31.c3 f5 32.Bc2 g6 33.Bd3 Nc7 34.c4 Ne8 
35.Kb3 Nf6 36.h3 h5 37.Rf1 Kg7 38.Ka4 h4 39.Na5 Ra7 40.Nb3 Nd7 41.Na5 Kf6 
42.Nc6 Ra8 43.Ra1 Kg5 44.Kb3 Kf4 45.Ne7 Bd4 46.Ra4 e4 47.fxe4 Ne5 48.Be2 
fxe4 49.Nc6 Ke3 50.Nxe5 Bxe5 51.Bg4 Bd4 52.Ra2 Bb6 53.Re2+ Kd4 54.Rd2+ Ke5
55.Ra2 a5 56.Ra1 Ra7 57.bxa5 Rxa5 58.Rf1 Bc5 59.Kb2 Ra3 60.Re1 Kd4 61.Bd1 
Rg3 62.Re2 Kd3 63.Rc2 Re3 64.Rc3+ Kd2 65.Rxe3 Bxe3 0-1

[Event "Donetzk zt"]
[Site "Donetsk"]
[Date "1998.11.12"]
[Round "10"]
[White "Zubarev, Alexander"]
[Black "Tukmakov, Vladimir B"]
[Result "1-0"]
[WhiteElo "2440"]
[BlackElo "2605"]
[EventDate "1998.11.02"]
[PlyCount "67"]

1.e4 c5 2.b3 Nc6 3.Bb2 d6 4.Nc3 Nf6 5.f4 Bg4 6.Be2 Bxe2 7.Qxe2 Nd4 8.Qd3 
e6 9.O-O-O Be7 10.Nf3 Nc6 11.Qe2 O-O 12.d4 cxd4 13.Nxd4 Qb6 14.Nxc6 Qxc6 
15.g4 Rac8 16.g5 Nd7 17.Rhg1 Nc5 18.Kb1 Rfe8 19.Rg3 Bf8 20.Rh3 g6 21.Qe1 
Bg7 22.e5 dxe5 23.Qh4 Red8 24.Re1 Rd2 25.fxe5 Qg2 26.Rc1 Kf8 27.Nb5 a6 28.
Nd6 Rc6 29.Nc4 Re2 30.Ba3 b5 31.Qd4 Qd5 32.Qxd5 exd5 33.Na5 Rc7 34.Rc3 1-0

[Event "Donetzk zt"]
[Site "Donetsk"]
[Date "1998.11.13"]
[Round "11"]
[White "Golubev, Mikhail"]
[Black "Savchenko, Stanislav"]
[Result "1/2-1/2"]
[WhiteElo "2515"]
[BlackElo "2555"]
[EventDate "1998.11.02"]
[PlyCount "29"]

1.e4 c6 2.d4 d5 3.Nc3 dxe4 4.Nxe4 Bf5 5.Ng3 Bg6 6.h4 h6 7.Nf3 Nd7 8.h5 Bh7
9.Bd3 Bxd3 10.Qxd3 Ngf6 11.Bf4 Qa5+ 12.Bd2 Qc7 13.O-O-O e6 14.Ne4 O-O-O 
15.g3 1/2-1/2

[Event "Donetzk zt"]
[Site "Donetsk"]
[Date "1998.11.13"]
[Round "11"]
[White "Kuzmin, Gennadi P"]
[Black "Romanishin, Oleg M"]
[Result "0-1"]
[WhiteElo "2560"]
[BlackElo "2600"]
[EventDate "1998.11.02"]
[PlyCount "122"]

1.e4 c5 2.Nf3 e6 3.b3 Nc6 4.Bb5 Qc7 5.O-O Nge7 6.Bb2 Ng6 7.Re1 f6 8.c3 Be7
9.d4 O-O 10.Bf1 Nd8 11.Nbd2 Nf7 12.g3 b6 13.h4 Re8 14.Bg2 Bb7 15.h5 Nf8 
16.c4 cxd4 17.Nxd4 a6 18.a3 Rac8 19.Qe2 Qb8 20.Rad1 Ba8 21.Nf1 Rc5 22.Nh2 
Rec8 23.a4 Re8 24.Ng4 h6 25.f4 Rcc8 26.Nf2 Bb4 27.Rf1 Bc5 28.Qg4 Nh7 29.
Rfe1 Qc7 30.Re2 Rcd8 31.Kh2 Bf8 32.Red2 Bb7 33.Bf1 f5 34.exf5 Nf6 35.Qh3 
e5 36.Ne6 dxe6 37.fxe6 Rxd2 38.exf7+ Qxf7 39.Rxd2 exf4 40.gxf4 Nxh5 41.f5 
Bc5 42.Qg4 Be3 43.Re2 Qc7+ 44.Kg1 Qg3+ 45.Qxg3 Nxg3 46.Rc2 Nh1 47.c5 bxc5 
48.Bxa6 Ba8 49.Bc4+ Kf8 50.Re2 Nxf2 51.f6 gxf6 52.Rxf2 Rd8 53.Bxf6 Rd1+ 
54.Bf1 Kg8 55.Bh4 Bd5 56.a5 Bxb3 57.a6 Bd5 58.Bg3 Ra1 59.Bf4 Bxf2+ 60.Kxf2
c4 61.Bxh6 Rxa6 0-1

[Event "Donetzk zt"]
[Site "Donetsk"]
[Date "1998.11.13"]
[Round "11"]
[White "Maksimenko, Andrei"]
[Black "Zubarev, Alexander"]
[Result "1/2-1/2"]
[WhiteElo "2500"]
[BlackElo "2440"]
[EventDate "1998.11.02"]
[PlyCount "57"]

1.d4 g6 2.c4 Bg7 3.e4 d6 4.Nc3 e5 5.Nge2 Nc6 6.Be3 exd4 7.Nxd4 Nge7 8.h4 
h6 9.Nxc6 Nxc6 10.Qd2 Be6 11.Nd5 Ne5 12.f4 Ng4 13.Bd4 Bxd4 14.Qxd4 O-O 15.
O-O-O c5 16.Qd2 Bxd5 17.cxd5 Re8 18.Re1 h5 19.g3 c4 20.Bh3 Nf6 21.Qd4 Nd7 
22.e5 Nb6 23.Rd1 Qc7 24.Rhe1 Rac8 25.Bg2 Na4 26.exd6 Qxd6 27.Rxe8+ Rxe8 
28.Qxc4 Nc5 29.Qd4 1/2-1/2

[Event "Donetzk zt"]
[Site "Donetsk"]
[Date "1998.11.13"]
[Round "11"]
[White "Malaniuk, Vladimir P"]
[Black "Kopylov, Michael"]
[Result "1/2-1/2"]
[WhiteElo "2590"]
[BlackElo "2385"]
[EventDate "1998.11.02"]
[PlyCount "98"]

1.e4 c5 2.d3 Nc6 3.g3 d5 4.Nd2 Nf6 5.Bg2 g6 6.Ngf3 Bg7 7.O-O O-O 8.c3 Qc7 
9.Re1 Rd8 10.a3 dxe4 11.dxe4 Ng4 12.Qe2 Nge5 13.Nc4 Be6 14.Ncxe5 Nxe5 15.
Nxe5 Bxe5 16.Be3 Qa5 17.f4 Bg7 18.Qf2 b6 19.f5 Bb3 20.Bg5 f6 21.Bf4 Qa4 
22.h4 e5 23.fxe6 Bxe6 24.e5 Bd5 25.exf6 Bxg2 26.f7+ Kxf7 27.Bg5+ Kg8 28.
Bxd8 Bd5 29.Bf6 Bxf6 30.Qxf6 Qg4 31.Re3 Qh3 32.Rf3 Bxf3 33.Qxf3 Rf8 34.
Qd5+ Rf7 35.Qe5 Qf5 36.Qxf5 Rxf5 37.Rd1 Rf7 38.a4 Kf8 39.Kg2 Ke7 40.Rd5 
Ke6 41.c4 Rf8 42.b3 Rf5 43.Rd8 Rf7 44.g4 Ke5 45.g5 Ke4 46.Rd6 Ke5 47.Rd1 
Ke4 48.Rd6 Ke5 49.Rd2 Ke4 1/2-1/2

[Event "Donetzk zt"]
[Site "Donetsk"]
[Date "1998.11.13"]
[Round "11"]
[White "Miroshnichenko, Evgenij"]
[Black "Nosenko, Alexander"]
[Result "1/2-1/2"]
[WhiteElo "2440"]
[BlackElo "2425"]
[EventDate "1998.11.02"]
[PlyCount "87"]

1.e4 e6 2.d3 d5 3.Nd2 Nf6 4.Ngf3 Nc6 5.g3 dxe4 6.dxe4 e5 7.Bb5 Bd7 8.Qe2 
Bd6 9.b3 a6 10.Bxc6 Bxc6 11.Bb2 Qe7 12.O-O-O O-O-O 13.Kb1 Kb8 14.Rhe1 Rhe8
15.a4 b5 16.Nh4 g6 17.f3 Kb7 18.axb5 axb5 19.Ng2 Ra8 20.c3 Bc5 21.Kc2 Bb6 
22.Ra1 Bd7 23.Red1 c6 24.Ne1 Be6 25.Nd3 Nd7 26.Rxa8 Rxa8 27.Ra1 Rxa1 28.
Bxa1 f6 29.Bb2 h5 30.Qg2 Nc5 31.Nc1 Qd7 32.Ba3 g5 33.Bxc5 Bxc5 34.Nd3 Bb6 
35.h4 gxh4 36.gxh4 Qf7 37.b4 Qg8 38.Nc5+ Bxc5 39.Qxg8 Bxg8 40.bxc5 Ka6 41.
Kb2 Bc4 42.Nxc4 bxc4 43.Ka2 Ka5 44.Kb2 1/2-1/2

[Event "Donetzk zt"]
[Site "Donetsk"]
[Date "1998.11.13"]
[Round "11"]
[White "Tukmakov, Vladimir B"]
[Black "Kruppa, Yuri"]
[Result "0-1"]
[WhiteElo "2605"]
[BlackElo "2570"]
[EventDate "1998.11.02"]
[PlyCount "106"]

1.c4 g6 2.d4 Nf6 3.Nf3 Bg7 4.g3 O-O 5.Bg2 c6 6.Nc3 d5 7.cxd5 cxd5 8.Ne5 e6
9.O-O Nfd7 10.f4 Nc6 11.Be3 Ne7 12.Bf2 Nb6 13.Qb3 Bd7 14.Rfc1 Bc6 15.e3 
Rb8 16.Be1 Nf5 17.Ne2 Nc4 18.Rc3 Nfd6 19.Qc2 Bb5 20.a4 Be8 21.b3 Na5 22.b4
Nac4 23.e4 Rc8 24.Bf2 a5 25.b5 Nb6 26.Rxc8 Ndxc8 27.Nc3 Ne7 28.Rc1 Qd6 29.
Nd3 dxe4 30.Nxe4 Qa3 31.Nec5 Nf5 32.Bxb7 Nxd4 33.Qd1 Nxa4 34.Nxa4 Bxb5 35.
Nac5 Rd8 36.Kg2 Nf5 37.Be4 Bd4 38.Qb3 Bxc5 39.Nxc5 Qxc1 40.Qxb5 Ne3+ 41.
Kf3 Nc4 42.Kg2 Ne3+ 43.Kf3 f5 44.Bd3 Ng4 45.Qb6 Re8 46.Qb5 Rf8 47.Qd7 Qh1+
48.Ke2 Qxh2 49.Nxe6 Qxf2+ 50.Kd1 Ne3+ 51.Kc1 Qe1+ 52.Kb2 Rb8+ 53.Bb5 Nc4+ 
0-1

[Event "Alushta zt (Women)"]
[Site "Alushta"]
[Date "1999.??.??"]
[Round "?"]
[White "Alexandrova, Olga"]
[Black "Onischuk, Nastja"]
[Result "1-0"]
[WhiteElo "2265"]
[BlackElo "2096"]
[EventDate "1999.??.??"]
[PlyCount "93"]

1.d4 d6 2.e4 Nd7 3.c4 e5 4.d5 g6 5.Nc3 Bg7 6.Bd3 Ne7 7.h4 h6 8.h5 g5 9.g4 
c6 10.Be3 cxd5 11.cxd5 O-O 12.f3 Nc5 13.Bc2 Bd7 14.b4 Na6 15.a3 Nc8 16.
Nge2 Nb6 17.Bd3 Nc7 18.Kf2 Qe8 19.a4 Na6 20.Qb3 Bf6 21.Rhc1 Bd8 22.Ng3 Nc8
23.a5 Kh7 24.Nf5 Bc7 25.Na4 Bb5 26.Bxb5 Qxb5 27.Qc4 Qxc4 28.Rxc4 Bd8 29.
Rac1 b5 30.axb6 Nxb6 31.Nxb6 axb6 32.Ra1 Bf6 33.Nxd6 Be7 34.Nf5 Bxb4 35.
Rc6 Bc5 36.Rxh6+ Kg8 37.Bxc5 Nxc5 38.Rxa8 Rxa8 39.Rxb6 Ra2+ 40.Ke3 Ra3+ 
41.Ke2 Ra2+ 42.Kd1 Ra7 43.Rb8+ Kh7 44.Rc8 Nb3 45.Kc2 Rb7 46.d6 Na1+ 47.Kc3
1-0

[Event "Alushta zt (Women)"]
[Site "Alushta"]
[Date "1999.??.??"]
[Round "?"]
[White "Gaponenko, Inna"]
[Black "Onischuk, Nastja"]
[Result "1-0"]
[WhiteElo "2406"]
[BlackElo "2096"]
[EventDate "1999.??.??"]
[PlyCount "111"]

1.e4 c5 2.Nf3 e6 3.d4 cxd4 4.Nxd4 Qb6 5.Nb3 a6 6.Nc3 Qc7 7.Bd3 Nf6 8.O-O 
Be7 9.Qe2 d6 10.f4 Nc6 11.Bd2 b5 12.a3 Bb7 13.Kh1 O-O 14.Rf3 Nb8 15.Rg3 
Nbd7 16.Rf1 e5 17.fxe5 Nxe5 18.Nd4 Ng6 19.Nf5 Bd8 20.Be3 d5 21.exd5 Bxd5 
22.Bd4 Bc6 23.Ne4 Bxe4 24.Bxe4 Nxe4 25.Qxe4 Qc4 26.Re1 Bf6 27.Bxf6 Qxe4 
28.Rxe4 gxf6 29.h4 h5 30.Ne7+ Kg7 31.Rf4 Rfe8 32.Nd5 Re6 33.Kh2 Kh6 34.
Rxf6 Rxf6 35.Nxf6 Nxh4 36.Rh3 Ng6 37.Rxh5+ Kg7 38.Ne4 Re8 39.Nc3 Nf4 40.
Rc5 Re6 41.Kg3 Ng6 42.Rc8 f5 43.Nd5 Rd6 44.Nf4 Ne5 45.b3 Nc6 46.c4 Nd4 47.
c5 Rh6 48.b4 Kf7 49.Rc7+ Ke8 50.Nd5 Kd8 51.Rf7 Rg6+ 52.Kf4 Rxg2 53.Ke5 
Nf3+ 54.Kd6 Ke8 55.Rxf5 Nd4 56.Nc7+ 1-0

[Event "Alushta zt (Women)"]
[Site "Alushta"]
[Date "1999.??.??"]
[Round "?"]
[White "Kostiuk, Tatiana"]
[Black "Onischuk, Nastja"]
[Result "0-1"]
[WhiteElo "2175"]
[BlackElo "2096"]
[EventDate "1999.??.??"]
[PlyCount "132"]

1.d4 f5 2.g3 Nf6 3.Bg2 g6 4.c3 Bg7 5.Qb3 Nc6 6.Nh3 e6 7.O-O O-O 8.Nf4 Qe8 
9.Nd2 d6 10.e4 fxe4 11.Nxe4 Nxe4 12.Bxe4 Kh8 13.Be3 e5 14.dxe5 Nxe5 15.
Rae1 g5 16.Ng2 Qh5 17.f3 c6 18.Bd4 Qf7 19.Qxf7 Rxf7 20.f4 gxf4 21.gxf4 Nc4
22.Bxg7+ Kxg7 23.Rf2 Bd7 24.Bd3 Nb6 25.Rfe2 Raf8 26.Re3 Kh6 27.Re7 Bh3 28.
Rxf7 Rxf7 29.Re3 Bd7 30.Rf3 Nd5 31.Bc4 Be6 32.f5 Rxf5 33.Rxf5 Bxf5 34.Bxd5
cxd5 35.Nf4 Be4 36.Kf2 Kg5 37.Kg3 Kf5 38.Ne2 Bb1 39.a3 Ke4 40.Nd4 Kd3 41.
Kf4 Kd2 42.Nb5 Kc2 43.Nxa7 Kxb2 44.Nb5 Bd3 45.Nxd6 Kxc3 46.Nxb7 d4 47.a4 
Bc2 48.a5 d3 49.a6 d2 50.a7 d1=Q 51.a8=Q Qd4+ 52.Kg3 Qe5+ 53.Kf2 Qxh2+ 54.
Kf3 Qh5+ 55.Kf4 Qf5+ 56.Kg3 Qe5+ 57.Kh4 Qf4+ 58.Kh3 Bf5+ 59.Kg2 Qg4+ 60.
Kf2 Qh4+ 61.Kf3 Qe4+ 62.Kf2 Qf4+ 63.Kg2 Be4+ 64.Kh3 Qf3+ 65.Kh4 Qf6+ 66.
Kg4 h5+ 0-1

[Event "Alushta zt (Women)"]
[Site "Alushta"]
[Date "1999.??.??"]
[Round "?"]
[White "Litinskaya, Marta I"]
[Black "Onischuk, Nastja"]
[Result "0-1"]
[WhiteElo "2383"]
[BlackElo "2096"]
[EventDate "1999.??.??"]
[PlyCount "86"]

1.d4 f5 2.Nc3 Nf6 3.Bg5 d5 4.Bxf6 exf6 5.e3 c6 6.Bd3 g6 7.Qf3 Be6 8.Nge2 
Qd6 9.h3 Bg7 10.O-O-O Nd7 11.g4 fxg4 12.hxg4 O-O-O 13.Rh4 Nf8 14.Rdh1 h6 
15.Na4 Bf7 16.Nc5 b6 17.Na4 Ne6 18.Nac3 Rhe8 19.Qg2 Kb7 20.R4h2 Re7 21.a3 
a6 22.Ng3 Ka7 23.f4 Nxf4 24.exf4 Qxf4+ 25.Kb1 Qxd4 26.Nge2 Qc5 27.Na2 a5 
28.Nac1 d4 29.Qf2 Bd5 30.Rd1 Be4 31.Nb3 Qg5 32.Nbxd4 Kb7 33.Bxe4 Rxe4 34.
Rg1 Rxg4 35.Rxg4 Qxg4 36.Rg2 Qe4 37.Qf3 Qe8 38.Qg4 f5 39.Nxf5 Rd1+ 40.Nc1 
Qe1 41.Qf4 Be5 42.Qxh6 gxf5 43.Rg8 f4 0-1

[Event "Alushta zt (Women)"]
[Site "Alushta"]
[Date "1999.??.??"]
[Round "?"]
[White "Onischuk, Nastja"]
[Black "Dubinka, Inna"]
[Result "1-0"]
[WhiteElo "2096"]
[BlackElo "2340"]
[EventDate "1999.??.??"]
[PlyCount "113"]

1.e4 e6 2.Qe2 c5 3.g3 Nc6 4.Nf3 Nge7 5.Bg2 g6 6.O-O Bg7 7.d3 d5 8.Nc3 O-O 
9.h3 a6 10.a4 b6 11.Nd1 Bb7 12.c3 Na5 13.Nd2 b5 14.axb5 axb5 15.e5 Qc7 16.
f4 Nf5 17.Kh2 f6 18.exf6 Rxf6 19.Ne3 Nxe3 20.Qxe3 Re8 21.b4 cxb4 22.cxb4 
d4 23.Qe1 Bxg2 24.Kxg2 Nc6 25.Ne4 Rff8 26.Bd2 e5 27.Qc1 exf4 28.Bxf4 Qd7 
29.Qc5 Rf5 30.Qd6 Rd5 31.Qxd7 Rxd7 32.Rfb1 Rd5 33.Ra6 Nd8 34.Ra8 Rd7 35.
Rb8 Rb7 36.Ra8 Rd7 37.Rc1 h6 38.h4 Rf8 39.Rc5 Ne6 40.Rxf8+ Kxf8 41.Rxb5 
Nxf4+ 42.gxf4 Kf7 43.Rb8 Bf8 44.b5 Be7 45.b6 Rd5 46.Kf3 Rb5 47.Nd2 Bxh4 
48.Nc4 Be7 49.Ke4 h5 50.Kxd4 h4 51.Ke4 h3 52.Rh8 Kg7 53.Rxh3 Bd8 54.Rg3 
Kh7 55.d4 Bxb6 56.Nxb6 Rxb6 57.f5 1-0

[Event "Alushta zt (Women)"]
[Site "Alushta"]
[Date "1999.??.??"]
[Round "?"]
[White "Onischuk, Nastja"]
[Black "Karlovich, Anastazia"]
[Result "1/2-1/2"]
[WhiteElo "2096"]
[BlackElo "2246"]
[EventDate "1999.??.??"]
[PlyCount "50"]

1.e4 e5 2.Nf3 Nc6 3.Bb5 f5 4.Bxc6 dxc6 5.Nc3 fxe4 6.Nxe4 Nf6 7.Qe2 Bg4 8.
h3 Bxf3 9.Qxf3 Qd5 10.d3 Bb4+ 11.Bd2 Bxd2+ 12.Nxd2 O-O 13.Qxd5+ cxd5 14.
O-O Rae8 15.Rae1 Rf7 16.Re2 Rfe7 17.Rfe1 Kf8 18.g3 g6 19.Kg2 h6 20.Re3 Kf7
21.R1e2 Re6 22.Nf3 e4 23.dxe4 Rxe4 24.Rxe4 Rxe4 25.Rxe4 Nxe4 1/2-1/2